000 00577nam a22002177i 4500
003 URS
005 20220114152616.0
008 170306b xxu||||| |||| 00| 0 eng d
020 _a0345362168
040 _erda
_cURSP-College Library
_beng
050 0 0 _bSM511 1988
100 1 _aSmith, Hedrick
245 _aThe Power Game
_cHedrick Smith
264 1 _aNew York
_bBallantine Books
_c1988.
300 _a790pages
_c17cm.
336 _atext
_btxt
_2rdacontent
337 _aunmediated
_bn
_2rdamedia
338 _avolume
_bnc
_2rdacarrier
500 _aIncludes
942 _2lcc
_cFR
999 _c7045
_d7045